Normal view
MARC view
- Dal Fabbro, Mario
Entry Personal Name
001 - CONTROL NUMBER
- control field: 45119
003 - CONTROL NUMBER IDENTIFIER
- control field: NUST
005 - DATE AND TIME OF LATEST TRANSACTION
- control field: 20210314133146.0
008 - FIXED-LENGTH DATA ELEMENTS
- fixed length control field: 210314|| aca||aabn | a|a d
040 ## - CATALOGING SOURCE
- Original cataloging agency: NUST
- Transcribing agency: NUST
100 ## - HEADING--PERSONAL NAME
- Personal name: Dal Fabbro, Mario
670 ## - SOURCE DATA FOUND
- Source citation: Work cat.: (NUST): Dal Fabbro, Mario,, How to build modern furniture., [1957]
